[Event "TUR-ch (Women)"]
[Site "Antalya"]
[Date "2018.03.10"]
[Round "9"]
[White "Konal, Emine Nursel"]
[Black "Sahin, Zeynep Gokce"]
[Result "0-1"]
[WhiteElo "1359"]
[BlackElo "1263"]
[PlyCount "50"]
[EventDate "2018.03.05"]
[EventType "swiss"]
[EventRounds "9"]
[EventCountry "TUR"]
[SourceTitle "CBM 183 Extra"]
[Source "ChessBase"]
[SourceDate "2018.04.19"]
[SourceVersion "1"]
[SourceVersionDate "2018.04.19"]
[SourceQuality "1"]

1. d4 d5 2. Bf4 Bf5 3. e3 Nf6 4. Nf3 Nbd7 5. Nbd2 e6 6. Ne5 Nxe5 7. dxe5 Nd7 8. Nf3 c5 9. Bg3 Be7 10. h4 a6 11. h5 h6 12. Nh4 Bh7 13. Qd2 b5 14. f4 c4 15. Nf3 Be4 16. Nd4 Qb6 17. Qf2 Bc5 18. Bh2 Rc8 19. Rg1 Bxd4 20. exd4 Qa5+ 21. c3 b4 22. Qe3 bxc3 23. bxc3 Rb8 24. Bxc4 dxc4 25. Qxe4 Qxc3+ 0-1